| 000 | 00693nam a2200229 a 4500 | ||
|---|---|---|---|
| 001 | 000008314 | ||
| 005 | 20200929161327.0 | ||
| 008 | 910318s1991 sp 000 0 spa | ||
| 020 | _a8433917994 | ||
| 040 |
_aDO-SdBNP _cDLC _dBNPHU |
||
| 082 |
_a863.44 _bP784m, 1991 |
||
| 100 | 1 |
_aPombo, Alvaro. _d1939- _922475 |
|
| 245 | 1 | 3 |
_aEl metro de platino iridiado / _cAlvaro Pombo. |
| 250 | _a4a ed. | ||
| 260 |
_aBarcelona : _bAnagrama, _c1991. |
||
| 300 |
_a429 p. ; _c22 cm. |
||
| 490 | 1 |
_aNarrativas Hispánicas _vno. 100 |
|
| 650 | 4 |
_aCuentos españoles _93194 |
|
| 650 | 4 |
_aLiteratura española _9632 |
|
| 830 | 0 |
_aNarrativas Hispánicas ; _vno. 100 _921224 |
|
| 910 | _aCatalogación derivada | ||
| 999 |
_c8085 _d8085 |
||